000 00415pab a2200169 454500
008 180718b2007 xxu||||| |||| 00| 0 eng d
100 _aSingh, Avadhesh Kumar
245 _aContextualizing higher education in India
260 _c2007
300 _ap.1-5.
362 _a6 Aug
650 _aHigher education - India
650 _aHigher education
773 _aUniversity News
908 _aN
909 _a75483
999 _c75483
_d75483